000 00309nam a2200109Ia 4500
008 201217s9999 xx 000 0 und d
100 _aAoki, Masahiko
245 0 _aInformation, Incentives, and Bargaining in the Japanese Economy
260 _aNew York
_bCambridge University Press
300 _a320
942 _cBK
999 _c8174
_d8174